000 00410nam a2200181Ia 4500
008 240510s9999 xx 000 0 und d
041 _aEng
082 _a519.2 :57
082 _bL28
100 _aLewis, Alvin E
245 0 _aBiostatistics
260 _bNew Delhi , East West
260 _c1966
300 _a227 p.
650 _aStatistics : biology : biostatistics
942 _2ddc
942 _cLBK
999 _c23410
_d23410
945 _a1
_bMadushi Gamage
_c1
_dMadushi Gamage